000 00422nam a22001337a 4500
003 SGT
020 _a9780670092581
082 _a080
_bR20S
100 _aश्रीवास्तव, प्रदीप
245 _aरामविलास पासवान : संकल्प, साहस और संघर्ष
260 _b पेंगुइन बुक्स
_c2020
300 _a290
942 _2ddc
_cBK
999 _c31502
_d31502